[Event "FICGS theme 0001 email"]
[Site "FICGS email"]
[Date "2014.11.29"]
[Round "1"]
[White "Valentin, Laurentiu"]
[Black "Riha, Josef"]
[Result "0-1"]
[WhiteElo "1440"]
[BlackElo "2006"]
[PlyCount "26"]
[EventDate "2014.??.??"]
[EventType "swiss (corr)"]
[EventRounds "1"]
[SourceTitle "Corr 2022"]
[Source "ChessBase"]
[SourceDate "2021.10.24"]
[SourceVersion "1"]
[SourceVersionDate "2021.10.24"]
[SourceQuality "1"]

1. d4 Nf6 2. c4 e5 3. e3 exd4 4. Qxd4 Nc6 5. Qd1 d5 6. Nc3 Be6 7. cxd5 Nxd5 8. Nxd5 Qxd5 9. Bd2 Qe4 10. Nf3 0-0-0 11. Be2 Bb4 12. 0-0 Bxd2 13. Nxd2 Qb4 0-1

[Event "FICGS W-ch st1 g03 email"]
[Site "FICGS email"]
[Date "2014.11.01"]
[Round "1"]
[White "Riha, Josef"]
[Black "Cornel, Matei"]
[Result "1/2-1/2"]
[WhiteElo "2006"]
[BlackElo "2153"]
[PlyCount "62"]
[EventDate "2014.??.??"]
[EventType "tourn (corr)"]
[EventRounds "8"]
[SourceTitle "Corr 2022"]
[Source "ChessBase"]
[SourceDate "2021.10.24"]
[SourceVersion "1"]
[SourceVersionDate "2021.10.24"]
[SourceQuality "1"]

1. d4 d5 2. c4 c6 3. Nf3 Nf6 4. Nc3 e6 5. e3 Nbd7 6. Bd3 dxc4 7. Bxc4 b5 8. Bd3 Bb7 9. 0-0 a6 10. e4 c5 11. d5 Qc7 12. dxe6 fxe6 13. Bc2 Bd6 14. Ng5 Nf8 15. f4 0-0-0 16. Qe1 e5 17. Nd5 Bxd5 18. exd5 exf4 19. Bd2 Re8 20. Qf2 Kb7 21. a4 h6 22. Ne6 Nxe6 23. dxe6 b4 24. Bf5 g5 25. Rac1 a5 26. Be1 Be7 27. Qc2 Rd8 28. Bf2 Rd5 29. Bd3 Rhd8 30. Be2 Re5 31. Rfe1 g4 1/2-1/2

[Event "FICGS W-ch st1 g03 email"]
[Site "FICGS email"]
[Date "2014.11.01"]
[Round "1"]
[White "Riha, Josef"]
[Black "Pech, Jaroslav Senior"]
[Result "1/2-1/2"]
[WhiteElo "2006"]
[BlackElo "1208"]
[PlyCount "111"]
[EventDate "2014.??.??"]
[EventType "tourn (corr)"]
[EventRounds "8"]
[SourceTitle "Corr 2022"]
[Source "ChessBase"]
[SourceDate "2021.10.24"]
[SourceVersion "1"]
[SourceVersionDate "2021.10.24"]
[SourceQuality "1"]

1. b3 d5 2. Bb2 Nf6 3. Nf3 Bf5 4. g3 e6 5. Bg2 h6 6. 0-0 Be7 7. d3 c6 8. c4 0-0 9. Nbd2 Nbd7 10. Qc2 Bh7 11. a3 a5 12. Bc3 Qc7 13. Rfc1 Qb6 14. Qb2 Bc5 15. Rf1 Rfe8 16. b4 axb4 17. axb4 Rxa1 18. Qxa1 Bxb4 19. Bxb4 Qxb4 20. Rb1 Qf8 21. Rxb7 Ra8 22. Ra7 Rxa7 23. Qxa7 g5 24. h4 gxh4 25. Nxh4 Qb4 26. Nhf3 Kg7 27. Qa1 Bg6 28. cxd5 cxd5 29. Nf1 Bh5 30. Ne3 Kh7 31. Nd4 Qd2 32. Bf3 Bxf3 33. Nf1 Qb4 34. Nxf3 Ng4 35. N1h2 Ndf6 36. Qa7 Kg8 37. Nxg4 Nxg4 38. Qc7 Qb2 39. Qf4 Qg7 40. Kg2 h5 41. Qb8+ Kh7 42. e4 dxe4 43. dxe4 Qf6 44. Qc7 Kg7 45. Qc5 Qg6 46. Nd2 Nf6 47. f3 h4 48. g4 Nxg4 49. fxg4 Qxg4+ 50. Kf2 Qg3+ 51. Kf1 Kg6 52. Qf2 Qxf2+ 53. Kxf2 Kg5 54. Kf3 f5 55. exf5 exf5 56. Kf2 1/2-1/2

[Event "FICGS W-ch st1 g03 email"]
[Site "FICGS email"]
[Date "2014.11.01"]
[Round "1"]
[White "Vasquez, Fernando Jose Pinto"]
[Black "Riha, Josef"]
[Result "1/2-1/2"]
[WhiteElo "2039"]
[BlackElo "2006"]
[PlyCount "120"]
[EventDate "2014.??.??"]
[EventType "tourn (corr)"]
[EventRounds "8"]
[SourceTitle "Corr 2022"]
[Source "ChessBase"]
[SourceDate "2021.10.24"]
[SourceVersion "1"]
[SourceVersionDate "2021.10.24"]
[SourceQuality "1"]

1. e4 Nf6 2. e5 Nd5 3. d4 d6 4. Nf3 c5 5. dxc5 dxc5 6. Bb5+ Nc6 7. 0-0 Bf5 8. Qe2 Qb6 9. Nbd2 Nf4 10. Qc4 Nd5 11. Re1 0-0-0 12. Ne4 e6 13. Qa4 a6 14. Bxc6 Qxc6 15. Qxc6+ bxc6 16. a3 c4 17. Bd2 Kd7 18. Rad1 Rb8 19. Bc1 Be7 20. Rd4 c3 21. b3 a5 22. Rc4 Rhc8 23. g3 h6 24. Kg2 c5 25. h3 g5 26. Nh2 Nb6 27. Rxc3 Nd5 28. Rf3 c4 29. Bd2 Ra8 30. Ng4 h5 31. Nef6+ Bxf6 32. Nxf6+ Nxf6 33. exf6 Bxh3+ 34. Kh2 Bg4 35. Rc3 cxb3 36. Rd3+ Ke8 37. cxb3 Rc5 38. Kg2 Bf5 39. Rd4 Rac8 40. Bxg5 Bc2 41. Bf4 Bxb3 42. Kh3 Rf5 43. Re5 Rxe5 44. Bxe5 Rc5 45. f4 Rd5 46. Re4 Rd1 47. Kh4 Rd3 48. Bc7 Kd7 49. Bxa5 Bd5 50. Re5 Rxa3 51. Bb4 Ra4 52. Be1 Bf3 53. Bc3 Ra3 54. Rc5 Rb3 55. Be5 Be4 56. Rc7+ Ke8 57. Bd6 Bg6 58. Re7+ Kd8 59. Bc7+ Kc8 60. Be5 Re3 1/2-1/2

[Event "FICGS rapid A 000161 email"]
[Site "FICGS email"]
[Date "2014.05.27"]
[Round "1"]
[White "Delaney, Alan"]
[Black "Riha, Josef"]
[Result "1-0"]
[WhiteElo "2053"]
[BlackElo "2022"]
[PlyCount "41"]
[EventDate "2014.??.??"]
[EventType "tourn (rapid)"]
[EventRounds "6"]
[SourceTitle "Corr 2022"]
[Source "ChessBase"]
[SourceDate "2021.10.24"]
[SourceVersion "1"]
[SourceVersionDate "2021.10.24"]
[SourceQuality "1"]

1. d4 Nf6 2. c4 g6 3. Nc3 Bg7 4. e4 d6 5. Nf3 0-0 6. Be2 e5 7. 0-0 Nc6 8. d5 Ne7 9. b4 Nh5 10. Re1 f5 11. Ng5 Nf6 12. f3 c6 13. Rb1 cxd5 14. exd5 h6 15. Ne6 Bxe6 16. dxe6 Nc6 17. Be3 Re8 18. c5 Nd4 19. Bxd4 exd4 20. Qxd4 Ne4 21. Qc4 1-0